US State By City - Statistics

General Stats
  • This quiz has been taken 24 times
  • The average score is 43 of 50
Answer Stats
Hint Answer % Correct
Anchorage Alaska
100%
Sacramento California
100%
Miami Florida
100%
Honolulu Hawaii
100%
Vegas Nevada
100%
New York New York
100%
Portland Oregon
100%
Milwaukee Wisconsin
100%
Phoenix Arizona
96%
Little Rock Arkansas
96%
Denver Colorado
96%
Atlanta Georgia
96%
Boise Idaho
96%
Chicago Illinois
96%
New Orleans Louisiana
96%
Boston Massachusetts
96%
Detroit Michigan
96%
Omaha Nebraska
96%
Tulsa Oklahoma
96%
Philadelphia Pennsylvania
96%
Memphis Tennessee
96%
Seattle Washington
96%
Des Moines Iowa
91%
Baltimore Maryland
91%
Fargo North Dakota
91%
Akron Ohio
91%
Corpus Chirsti Texas
91%
Richmond Virginia
91%
Cheyenne Wyoming
91%
Fort Wayne Indiana
87%
Lexington Kentucky
87%
Charlotte North Carolina
87%
Charleston South Carolina
87%
Montpelier Vermont
87%
Huntsville Alabama
83%
Wichita Kansas
83%
Billings Montana
83%
Charleston West Virginia
83%
Roswell New Mexico
78%
Bangor Maine
74%
Duluth Minnesota
74%
Paterson New Jersey
70%
Tupelo Mississippi
65%
Portsmouth New Hampshire
61%
Rapid City South Dakota
61%
Newark Delaware
57%
Springfield Missouri
52%
Woonsucket Rhode Island
52%
Price Utah
43%
Greenwich Connecticut
35%
No matching quizzes found
Score Distribution
Percent of People with Each Score
Percentile by Number Answered
Your Score History
You have not taken this quiz